000 00866nam a2200265Ia 4500
003 OSt
005 20220923221858.0
006 a|||||r|||| 00| 0
007 ta
008 220922b |||||||| |||| 00| 0 hin d
024 _a200,762
037 _cTextual
040 _aARTS
_cARTS
_bhin
041 _2hin
_ahin
082 _aO1593,1K89w, 152M2
100 _aआडवाणी, कल्याण बू
245 0 _aशाह लतीफ
246 _aShāh latīfa
250 _aसंस्क 2
260 _aनई दिल्ली
_b साहित्य अकादेमी
_c1982
300 _a72पृ.
_ccm.
490 _aभारतीय साहित्य के निर्माता
942 _hO1593,1K89w, 152M2
_cTEXL
_2CC
999 _c352434
_d352434